Aventura no deserto (Registo nº 1510)

Detalhes MARC
000 -Etiqueta do registo
Cabeçalho 00726nam0a2200241 4500
005 - Identificador da versão
Campo de controlo 20240813121838.0
021 ## - Número do Depósito Legal
Código do país PT
Número 355169/13
100 ## - Dados gerais de processamento
Dados gerais de processamento 20150625d2013 a y0pory5003 ba
102 ## - Pais de publicação ou produção
País de publicação Portugal
101 0# - Língua de publicação
Língua do texto, banda sonora, etc. Português
215 ## - Descrição física 
Indicação específica da natureza do documento e extensão da espécie 43, [9] p.
Outras indicações físicas todo il.
200 1# - Titulo e menção de responsabilidade
Título próprio Aventura no deserto
Primeira menção de responsabilidade argumento e desenhos Bruno Jorge Rola
205 ## - Menção da edição
Menção da edição 1ª ed
210 ## - Publicação, Distribuição, etc. 
Lugar da edição, distribuição, etc. [S. l.
Nome do editor, distribuidor, etc. s. n.]
Data da publicação, distribuição, etc. 2013
Lugar da impressão [S. l.]
606 ## - Nome comum usado como assunto
Número de registo de entrada de autoridade 0002301
Palavra de ordem Literatura portuguesa
Subdivisão de assunto Banda desenhada
Código do sistema CA
675 ## - Classificação Decimal Universal (CDU)
Notação 821.134.3(084.11)
Edição 3ª ed.
Língua da edição por
702 #1 - Nome de autor-pessoa física (responsabilidade secundária)
Número de registo de entrada de autoridade 0002303
Palavra de ordem Rola
Outra parte do nome não tomada para palavra de ordem Bruno Jorge
Código de função Ilustrador / Técnico de desenho computorizado
700 #1 - Nome de autor-pessoa física (responsabilidade principal)
Número de registo de entrada de autoridade 0002303
Palavra de ordem Rola
Outra parte do nome não tomada para palavra de ordem Bruno Jorge
966 ## - Identificação da Biblioteca
Sigla EB2,3ENM
942 ## - Elementos de entrada adicionados (Koha)
Tipo de item no Koha Livro
Exemplares
Situação do levantamento Origin of item (home branch) (coded) Biblioteca de empréstimo Código de barras Cota Data de devolução Circulation type (not for loan) Tipo de documento Nota do exemplar Damaged status
  Biblioteca Escolar Eng. Nuno Mergulhão Biblioteca Escolar Eng. Nuno Mergulhão BENM3562 82BD ROL     Livro Sem mensagem